000 00917nam a22002777a 4500
005 20100806101216.0
008 100412t xxu||||| |||| 00| 0 ur d
010 _aUR-7592
020 _c40.00
035 _aU-6147
037 _bAl Hasanat Books
040 _adpl
_bur
082 _a215
100 _9616
_aذاکرنائک
245 _aقرآن اور سائنس /
_b
_cذاکر نائک
246 _aQuran Aur Science /
_bZakir Naik
260 _a دلّی
_bالحسنات بکس
_c2009
270 _a3004/2, Sir Syed Ahmad Road, Darya Ganj
_bNew Delhi
_e110002
_k2321845
_malhasanatbooks@rediffmail.com
300 _a80 ص
_b22 س م (pbk)
500 _a
600 _aکہا نی
_9966
600 _aStory
_9967
700 _96717
942 _2ddc
_cUR
_h215
_mذ ا ک
999 _c39598
_d39598